Chapitre Harry Potter 3 - Statistiques

Statistiques générales
  • Ce quiz a été pris 27 fois
  • Le résultat moyen est 12 sur 22
Statistiques - réponses
Numéro de chapitre Nom du chapitre % Correct
3 Le magicobus
100%
4 Le chaudron baveur
75%
10 La carte du maraudeur
69%
2 La grosse erreur de la tante marge
63%
17 Chat, rat et chien
56%
22 Encore du courrier
56%
13 Gryffondor contre serdaigle
56%
1 Hibou express
56%
15 La finale de quidditch
56%
8 La fuite de la grosse dame
56%
14 La rancune de Rogue
56%
20 Le baiser du détraqueur
56%
18 Lunard, Queudver, Patmol et Cornedrue
56%
7 Un épouvantard dans la penderie
56%
16 La prédiction du professeur trelawney
50%
5 Le détraqueur
50%
12 Le patronus
50%
21 Le secret d'Hermione
50%
11 L'éclair de feu
44%
19 Le serviteur de Voldemort
44%
9 Sinistre défaite
44%
6 Coup de griffes et feuilles de thé
31%
Aucun quiz correspondant
Distribution des résultats
% des personnes avec chaque résultat
Percentile par nombre de réponses
Votre historique - résultats
Vous n’avez pas pris ce quiz